| 000 | 00621nam a22001817a 4500 | ||
|---|---|---|---|
| 008 | 130821s fr gr fre | ||
| 040 |
_aCo-BoUCM _bspa |
||
| 041 | 0 | 0 | _afre |
| 100 |
_aBataille, Henry _d1872-1962 _9150661 |
||
| 245 | 0 | 0 |
_aLe règne intérieur _cHenry Bataille |
| 260 |
_aParís (Francia) _bE. Sansot Cie. _c[fecha desconocida] |
||
| 300 | _a94 páginas | ||
| 650 | 0 | 4 |
_aNovela francesa _920506 |
| 650 | 0 | 4 |
_aNovela francesa _xCrítica e interpretación, etc. _920506 |
| 650 | 0 | 4 |
_aPoesía francesa _921811 |
| 942 |
_cLIBRO _a18 _e1 _mB171 _n0 _2DEWEY _h808.833 |
||
| 999 |
_c87694 _d87694 |
||